000 00855nam a2200241Ia 4500
008 130821s2009 ck gr spa
020 _a958422249X
020 _a9788484607960
040 _aCo-BoUCM
_bspa
041 0 0 _aspa
100 1 _aHarford, Tim
245 1 0 _aPregúntale al economista camuflado todo lo que quisiste saber y nunca te atreviste a preguntar
_cTim Harford ; María de Jesús Asensio, traducción
260 _aBogotá (Colombia)
_bEditorial Planeta
_c2009
300 _a351 páginas
504 _aIncluye índice general.
650 0 4 _aConducta (Ética)
_xAspectos económicos
650 0 4 _aEconomía
_9174
650 0 4 _aEconomía
_xAspectos psicológicos
_9174
700 1 _aAsensio , María de Jesús
_etrad.
765 _tDear economist
942 _cLIBRO
_a7
_e1
_mH278p
_2DEWEY
_h330
999 _c66564
_d66564